[Event "LSS SD-2009-0-00026"]
[Site "LSS email"]
[Date "2009.03.09"]
[Round "?"]
[White "Nin, Nacho"]
[Black "Loktayev, Vladislav"]
[Result "1-0"]
[WhiteElo "1710"]
[BlackElo "1176"]
[PlyCount "27"]
[EventDate "2009.01.30"]
[EventType "tourn (corr)"]
[EventRounds "6"]
[EventCountry "GER"]
[SourceTitle "Corr 2013"]
[Source "ChessBase"]
[SourceDate "2012.11.12"]
[SourceVersion "1"]
[SourceVersionDate "2012.11.12"]
[SourceQuality "1"]
[WhiteTeam "US of America"]
[BlackTeam "US of America"]
[WhiteTeamCountry "USA"]
[BlackTeamCountry "USA"]

1. e4 c5 2. Nf3 a6 3. Nc3 b5 4. g3 Bb7 5. d3 d6 6. Bg2 Nf6 7. 0-0 g6 8. e5 dxe5 9. Nxe5 Bxg2 10. Kxg2 b4 11. Qf3 Ra7 12. Ne4 Bg7 13. Be3 0-0 14. Bxc5 1-0